LEADER 01098nam a2200241 a 4500 001 000000133294 003 CaOOAMICUS 005 20130325161553.0 008 130325s2013 it frm z000 u ita r 040 $aPUL$bita 100 1 $aPrete, Daniele.$0(OLS)http://pul/name/85897 245 13$aLa comunicazione sociale di massa e la tutela dell'utente-consumatore/$cDaniele Prete. 260 $aRoma :$bPontificia Universitą Lateranense,$c2013. 300 $a50 p.$c24 cm 502 $aEstratto da tesi -- Pontificia Universitas Lateranensis. Facultas Iuris Civilis, 2013. 504 $aBibliografia: p.[43]-47. 710 2 $aPontificia Universitą Lateranense.$bFacoltą di diritto civile$kTesi.$0(OLS)http://pul/name/81778 850 $aPUL 852 $aPUL$W1$xDP1 Tesi Pon Univ. Lateranense$y41$m2013 D 2$j133702$qTesi$B152743$CPULBib$Z2$F152743 $82 941 1 $a16 996 $6245$aLa comunicazione sociale di massa e la tutela dell'utente-consumatore/$9(OLS)http://pul/title/168435 996 $6260$aRoma :$bPontificia Universitą Lateranense$9(OLS)http://pul/publisher/47963 LEADER 01428nam a2200277 a 4500 001 000000175263 003 CaOOAMICUS 005 20220602160424.0 008 220602t2011 it u000 u ita r 020 $a978-88-243-2037-5* 032 $aLibriCat 040 $aPUL$bita$d 100 1 $aFoą, Sergio,$d1968-$0(OLS)http://pul/name/112672 245 10$aGiustizia amministrativa e pregiudizialitą costituzionale comunitaria e internazionale :$bi confini dell'interpretazione conforme / $cSergio Foą. 260 $aNapoli :$bJovene,$c©2011. 300 $axvi, 440 p. ;$c24 cm 490 1 $aUniversitą di Torino. Memorie del Dipartimento di scienze giuridiche. Serie V, Memoria LIII ;$v53 650 4$aGiustizia amministrativa.$0(OLS)http://pul/subject/23061 830 0$aMemorie del Dipartimento di scienze giuridiche (Universitą di Torino).$nSerie V ;$v53.$0(OLS)http://pul/title/81970 850 $aPUL 852 $aPUL$W1$xDP1 Cons. Gen., Altre Classi 1$y22$m1039 F 5.53$j199478$qStampati$B204197$CPULBib$Z2$F204197 $H135633 $82 941 1 $a8 996 $6020$a978-88-243-2037-5*$9(OLS)http://pul/number/168673 996 $6245$aGiustizia amministrativa e pregiudizialitą costituzionale comunitaria e internazionale :$bi confini dell'interpretazione conforme / $9(OLS)http://pul/title/216687 996 $6260$aNapoli :$bJovene$9(OLS)http://pul/publisher/47845